|
|
|
|
| LEADER |
00959nam a2200265 u 4500 |
| 001 |
10023314 |
| 003 |
upatras |
| 005 |
20230724131302.0 |
| 008 |
990123s1995 uk eng |
| 020 |
|
|
|a 0335104096
|
| 040 |
|
|
|a GR-PaULI
|c GR-PaULI
|
| 041 |
0 |
|
|a eng
|
| 082 |
0 |
4 |
|a 374
|
| 100 |
1 |
|
|a Brookfield, Stephen
|9 149235
|
| 245 |
1 |
0 |
|a Adult learners, adult education and the community
|c Stephen Brookfield
|
| 250 |
|
|
|a repr. ed.
|
| 260 |
|
|
|a Milton Keynes
|b Open University Press
|c 1995
|
| 300 |
|
|
|a ix, 229 p.
|c 23 cm.
|
| 504 |
|
|
|a Includes bibliographical references and index
|
| 650 |
|
4 |
|a Εκπαίδευση ενηλίκων
|9 1292
|
| 852 |
|
|
|a GR-PaULI
|b ΠΑΤΡΑ
|b ΠΤΔΕ
|k ΑΣΧΞ
|h 374 BRO
|m 6153
|p 025000059256
|t 1
|
| 942 |
|
|
|2 ddc
|c BK15
|
| 952 |
|
|
|0 0
|1 0
|4 0
|6 374_000000000000000_BRO
|7 0
|9 189860
|a PTDE
|b PTDE
|d 2016-04-24
|i 6153
|l 0
|o 374 BRO
|p 025000059256
|r 2016-04-24 00:00:00
|t 1
|w 2016-04-24
|y BK15
|
| 998 |
|
|
|c MANIAKH
|d 1999-07
|
| 999 |
|
|
|c 116937
|d 116937
|